Centro América: Comunicado de denuncia /
El documento consiste en un comunicado de denuncia presentado en el Seminario centroamericano: "El imperialismo en C.A. y Panamá", que tuvo lugar en Panamá 1976. Hace una crítica a la burguesía y el imperialismo.
Gespeichert in:
| 1. Verfasser: | |
|---|---|
| Körperschaft: | |
| Format: | Tagungsbericht |
| Sprache: | Spanish |
| Veröffentlicht: |
Panamá :
Sin editorial
1976
|
| Schlagworte: | |
| Tags: |
Tag hinzufügen
Keine Tags, Fügen Sie den ersten Tag hinzu!
|
MARC
| LEADER | 00000 a2200000 04500 | ||
|---|---|---|---|
| 001 | 42630 | ||
| 003 | cru CIDCACS/IIS | ||
| 005 | 20230705112117.0 | ||
| 008 | 050529s1976 pn spa d | ||
| 020 | |a [Sin ISBN] | ||
| 040 | |a CRAI/IIS |c CRAI/IIS | ||
| 090 | |a 01.02.01 S471c | ||
| 100 | |a Castillo, Otto René | ||
| 111 | |a Seminario Centroamericano "El imperialismo en Centro América y Panamá"] | ||
| 245 | |a Centro América: |b Comunicado de denuncia / |c Otto René Castillo | ||
| 260 | |a Panamá : |b Sin editorial |c 1976 | ||
| 300 | |a 7 páginas | ||
| 500 | |a Material mecanografiado y tiene escrito con boligráfo el título del seminario, la fecha y el lugar. | ||
| 520 | |a El documento consiste en un comunicado de denuncia presentado en el Seminario centroamericano: "El imperialismo en C.A. y Panamá", que tuvo lugar en Panamá 1976. Hace una crítica a la burguesía y el imperialismo. | ||
| 650 | |a CONFLICTOS SOCIALES | ||
| 650 | |a VIOLENCIA | ||
| 650 | |a MOVIMIENTOS SOCIALES | ||
| 650 | |a CENTRO AMERICA | ||
| 650 | |a CRISIS ECONOMICA | ||
| 650 | |a ASPECTOS POLITICOS | ||
| 650 | |a CAPITALISMO | ||
| 650 | |a EXCLUSION SOCIAL | ||
| 650 | |a TRABAJADORES | ||
| 942 | |2 ddc |c LITG | ||
| 999 | |c 18515 |d 18515 | ||
